'P' Cartoon Characters by Picture Quiz Stats

 Plays Quiz Updated Jan 19, 2016

Support Sporcle.
Go Orange.
Score 0/16 Timer 05:00
1 Play Today
% Correct
Popeye
97%
Pink Panther
96.1%
Pluto
94%
Papa Smurf
93.2%
Piglet
92%
Peter Griffin
90.5%
Pinocchio
88.4%
Pikachu
88.3%
% Correct
Patrick Star
86.2%
Porky Pig
85.5%
Pebbles Flintstone
78.1%
Pepé le Pew
75.9%
Phineas Flynn
69.1%
Pumbaa
68.9%
Professor Utonium
47.4%
Penelope Pitstop
38.8%

You're not logged in!

Compare scores with friends on all Sporcle quizzes.
OR
Log In
Forgot?

From the Vault

28 Ways Not to Spell 'Tin'

by timmylemoine1

Language 90s
Play this quiz to avoid having a rusty vocabulary.
Remove Ads.
Support Sporcle.
Get the best of Sporcle when you Go Orange. This ad-free experience offers more features, more stats, and more fun while also helping to support Sporcle. Thank you for becoming a member.

Show Comments

Extras

Top Quizzes Today


Score Distribution

Your Account Isn't Verified!

In order to create a playlist on Sporcle, you need to verify the email address you used during registration. Go to your Sporcle Settings to finish the process.

Report this User

Report this user for behavior that violates our Community Guidelines.

Details: